000 00629nam a2200217 a 4500
999 _c3787
_d3787
001 3787
003 BD-JhCC
005 20171118182724.0
008 171118s13501964bg |||| ||a| 000 0 ben d
035 _a(BD-JhCC)3787
040 _aBD-JhCC
_dBD-JhCC
041 _aben
082 _a891.4415
_bUDD 1350
100 _aউদদীন, জসীম
245 _aরঙিলা নায়ের মাঝি /
_cজসীম উদদীন
260 _aঢাকা :
_bলতিফ বুক করপোরেশন,
_c1350.
300 _a64 p. :
_c20 cm.
650 _aBengali Poems
942 _2ddc
_cBK